000 00448nam a2200181Ia 4500
001 24687
005 20260414151100.0
008 260414t2011||||xx |||||||||||||| ||spa||
041 _aESP
082 _a345.721
_bS71
100 _aSoto Coaguila, Carlos Alberto (coord.).
_eAUT
245 0 _aComentarios a la ley peruana de arbitraje
_b
260 _c2011
300 _a
_c25 cm.
650 _aDER
654 _aCDE
942 _cLIB
_dJUS
_fJUS
_2ddc
_n
999 _c24687
_d24687